000 00649nam a2200241Ia 4500
003 OSt
005 20221005083506.0
006 a|||||r|||| 00| 0
007 ta
008 221004b |||||||| |||| 00| 0 eng d
020 _a0706925106
024 _a120579
037 _bGift, 04/08/2012,
_cTextual
040 _aCRL
_cCRL
_beng
041 _2eng
_aeng
082 _aY:49(Q), M4
100 _aChandra Bipan
245 0 _aCommunalism in modern India
260 _aNew Delhi
_bVikas Publishing
_c1984
650 _aSOCIOLOGY
942 _hY:49(Q), M4
_cTEXL
_2cc
999 _c991078
_d991078